| 000 | 00922 a2200217 4500 | ||
|---|---|---|---|
| 001 | 60384 | ||
| 005 | 20260407155854.0 | ||
| 008 | 260407a2002 arg spa d | ||
| 003 | AR-UNSa-BCEJYS | ||
| 040 |
_aAR-UNSa-BCEJYS _bspa _cAR-UNSa-BCEJYS |
||
| 080 |
_a658.155 _xGanancias. Pérdidas. Rentabilidad |
||
| 245 | 1 | 0 | _aHerramientas para el análisis de la rentabilidad |
| 020 | _a958-682-362-8 | ||
| 264 | 1 |
_aBogotá : _bAlfaomega Colombiana _c2002 |
|
| 300 |
_a55 p. _c21 cm. |
||
| 505 | _a1. Concepto de interés y de equivalencia - 2. Inversiones y tasa de descuetno - 3. Valor presente y valor presente neto - 4. Tasa interna de rentabilidad - 5. Contradicciones en las alternativas mutuamente excluyentes - 6. Selección de proyectos con racionamiento de capital - 7. Valor económico agregado (EVA) | ||
| 041 | _aspa | ||
| 942 | _cBK | ||
| 590 | _aniveau_biblio:m niveau_hierar:0 | ||
| 100 | 1 | _aVélez, Ignacio | |
| 999 |
_c6953 _d6953 |
||